[Event "Madrid-ch 2018-2019 - Semifinal"]
[Site "Madrid ESP"]
[Date "2019.05.10"]
[Round "5.21"]
[White "Rueda Maria, Ramiro"]
[Black "Garcia Serrano, Jose Manuel"]
[Result "0-1"]
[WhiteElo "1843"]
[BlackElo "1912"]
[PlyCount "54"]
[EventDate "2019.05.06"]
[EventType "swiss"]
[EventRounds "9"]
[EventCountry "ESP"]
[SourceTitle "Ajedrez en Madrid"]
[Source "lmi"]
[SourceDate "2019.05.06"]
[SourceVersion "1"]
[SourceVersionDate "2019.05.20"]
[SourceQuality "2"]

1. Nf3 Nc6 2. g3 e5 3. d3 d5 4. Bg2 Nf6 5. O-O Be7 6. e4 dxe4 7. dxe4 Qxd1 8.
Rxd1 Bg4 9. Re1 O-O-O 10. Bg5 h6 11. Bxf6 gxf6 12. c3 Rd3 13. Nbd2 Rhd8 14. h3
Be6 15. Red1 R3d7 16. Kf1 f5 17. exf5 Bxf5 18. Ke1 Bc2 19. Rdc1 Bd3 20. Bf1 e4
21. Bxd3 Rxd3 22. Nd4 Nxd4 23. cxd4 Bb4 24. Rc2 R8xd4 25. Rd1 e3 26. fxe3 Rxe3+
27. Kf2 Red3 0-1

[Event "Madrid-ch 2018-2019 - Semifinal"]
[Site "Madrid ESP"]
[Date "2019.05.11"]
[Round "6.1"]
[White "Martinez Fernandez, Raul"]
[Black "Rodriguez Melendez, Juan Humbert"]
[Result "0-1"]
[WhiteElo "2202"]
[BlackElo "2212"]
[PlyCount "85"]
[EventDate "2019.05.06"]
[EventType "swiss"]
[EventRounds "9"]
[EventCountry "ESP"]
[SourceTitle "Ajedrez en Madrid"]
[Source "lmi"]
[SourceDate "2019.05.06"]
[SourceVersion "1"]
[SourceVersionDate "2019.05.20"]
[SourceQuality "2"]

1. e4 c5 2. Nf3 Nc6 3. Bb5 g6 4. Bxc6 dxc6 5. d3 Bg7 6. O-O Qc7 7. h3 e5 8. Be3
b6 9. Qd2 h6 10. Nc3 Be6 11. Ne2 f5 12. exf5 gxf5 13. Rfe1 O-O-O 14. Qc1 Ne7
15. Bd2 Bd5 16. Nh2 Qd6 17. h4 Qg6 18. f3 Bf6 19. Nc3 a5 20. Re2 Rdg8 21. Qf1
h5 22. Qf2 Rh7 23. Nxd5 Nxd5 24. c4 Nf4 25. Bxf4 exf4 26. Kh1 Bd4 27. Qe1 Be3
28. Nf1 Rd7 29. Rd1 Re8 30. g3 Rd4 31. Rg2 fxg3 32. Qxg3 Qe6 33. Nxe3 Qxe3 34.
Qg6 Kb7 35. Qxf5 Ka6 36. Qxh5 Rf4 37. Rf1 Ref8 38. Qh6 Qxd3 39. Rgf2 R4f6 40.
Qg7 Qxc4 41. f4 Qxa2 42. h5 Rf5 43. Qc3 0-1

[Event "Madrid-ch 2018-2019 - Semifinal"]
[Site "Madrid ESP"]
[Date "2019.05.11"]
[Round "6.2"]
[White "Mkrtchyan, Levon"]
[Black "Collado Barbas, Laura"]
[Result "1-0"]
[WhiteElo "2168"]
[BlackElo "2048"]
[PlyCount "99"]
[EventDate "2019.05.06"]
[EventType "swiss"]
[EventRounds "9"]
[EventCountry "ESP"]
[SourceTitle "Ajedrez en Madrid"]
[Source "lmi"]
[SourceDate "2019.05.06"]
[SourceVersion "1"]
[SourceVersionDate "2019.05.20"]
[SourceQuality "2"]

1. e4 e6 2. d4 d5 3. Nc3 Bb4 4. e5 b6 5. a3 Bf8 6. f4 Ne7 7. Nf3 Ba6 8. Bxa6
Nxa6 9. Qd3 Nb8 10. O-O h5 11. Be3 Nf5 12. Bf2 c5 13. Ne2 c4 14. Qd2 h4 15. g4
hxg3 16. hxg3 Be7 17. Kg2 Nh6 18. Rh1 Kd7 19. Be3 Nc6 20. Rh3 b5 21. Rah1 Rg8
22. Nh2 Nf5 23. g4 Nxe3+ 24. Qxe3 b4 25. a4 Qa5 26. b3 cxb3 27. cxb3 Qb6 28.
Nf3 Na5 29. Rc1 Qa6 30. Kf2 Rac8 31. Rxc8 Rxc8 32. Ne1 Qc6 33. Rh7 Rg8 34. f5
Qb6 35. Nf3 Ke8 36. Qd3 exf5 37. gxf5 Qc6 38. Nf4 a6 39. Ne2 f6 40. Rh1 fxe5
41. dxe5 Qb6+ 42. Kg2 Qc6 43. Rc1 Qb7 44. Nf4 d4 45. Ne6 Kf7 46. Rc7 Qa8 47.
Neg5+ Kf8 48. Qxd4 Nxb3 49. Nh7+ Kf7 50. e6+ 1-0

[Event "Madrid-ch 2018-2019 - Semifinal"]
[Site "Madrid ESP"]
[Date "2019.05.11"]
[Round "6.3"]
[White "Nuñez Reiz, Antonio"]
[Black "Iagar, Razvan-Gabriel"]
[Result "1/2-1/2"]
[WhiteElo "2083"]
[BlackElo "2104"]
[PlyCount "72"]
[EventDate "2019.05.06"]
[EventType "swiss"]
[EventRounds "9"]
[EventCountry "ESP"]
[SourceTitle "Ajedrez en Madrid"]
[Source "lmi"]
[SourceDate "2019.05.06"]
[SourceVersion "1"]
[SourceVersionDate "2019.05.20"]
[SourceQuality "2"]

1. e4 e6 2. d4 d5 3. Nd2 c5 4. exd5 Qxd5 5. dxc5 Bxc5 6. Ngf3 Nf6 7. Bc4 Qc6 8.
O-O Nbd7 9. Qe2 O-O 10. Nb3 b6 11. Bf4 Bb7 12. Rad1 Rad8 13. Nxc5 bxc5 14. Rd6
Qe4 15. Qxe4 Nxe4 16. Rdd1 Nb6 17. Be2 Nd5 18. Bc4 Nb4 19. Rxd8 Rxd8 20. c3 Nd3
21. Bxd3 Rxd3 22. Re1 Nf6 23. Ne5 Rd8 24. f3 Kf8 25. Kf2 Ke7 26. a4 Nd7 27. Nd3
Rc8 28. Be3 Ba6 29. b3 Bb7 30. Rd1 Rc6 31. Ke2 f6 32. g4 Rc8 33. h4 e5 34. Nf2
Nf8 35. Ne4 Bxe4 36. fxe4 Ne6 1/2-1/2

[Event "Madrid-ch 2018-2019 - Semifinal"]
[Site "Madrid ESP"]
[Date "2019.05.11"]
[Round "6.4"]
[White "Rios Rebollo, Victor"]
[Black "Pindado Campos, Raul"]
[Result "1/2-1/2"]
[WhiteElo "2007"]
[BlackElo "2089"]
[PlyCount "20"]
[EventDate "2019.05.06"]
[EventType "swiss"]
[EventRounds "9"]
[EventCountry "ESP"]
[SourceTitle "Ajedrez en Madrid"]
[Source "lmi"]
[SourceDate "2019.05.06"]
[SourceVersion "1"]
[SourceVersionDate "2019.05.20"]
[SourceQuality "2"]

1. d4 d5 2. c4 c6 3. e3 Nf6 4. Nc3 a6 5. Qc2 Nbd7 6. Nf3 e6 7. a3 dxc4 8. Bxc4
b5 9. Be2 Bb7 10. O-O c5 1/2-1/2

[Event "Madrid-ch 2018-2019 - Semifinal"]
[Site "Madrid ESP"]
[Date "2019.05.11"]
[Round "6.5"]
[White "Robles Diaz, Jose Alberto"]
[Black "Perez Diez, Victor"]
[Result "1-0"]
[WhiteElo "2044"]
[BlackElo "2018"]
[PlyCount "75"]
[EventDate "2019.05.06"]
[EventType "swiss"]
[EventRounds "9"]
[EventCountry "ESP"]
[SourceTitle "Ajedrez en Madrid"]
[Source "lmi"]
[SourceDate "2019.05.06"]
[SourceVersion "1"]
[SourceVersionDate "2019.05.20"]
[SourceQuality "2"]

1. Nf3 f5 2. g3 Nf6 3. Bg2 g6 4. O-O Bg7 5. c4 O-O 6. d4 d6 7. Nc3 c6 8. d5 e5
9. dxe6 Bxe6 10. b3 Na6 11. Bb2 Qc7 12. Rc1 Rad8 13. Qd2 Nc5 14. Rfd1 Nfe4 15.
Nxe4 Nxe4 16. Qc2 Bxb2 17. Qxb2 Qb6 18. Qd4 c5 19. Qe3 d5 20. cxd5 Rxd5 21. Ng5
Rxd1+ 22. Rxd1 Nxg5 23. Qxg5 Qc7 24. h4 Qf7 25. Qf4 c4 26. bxc4 Bxc4 27. Bxb7
Bxa2 28. Bc6 Qg7 29. Rd7 Qa1+ 30. Kg2 Bf7 31. h5 Qc3 32. Bf3 a5 33. h6 Qf6 34.
Rd6 Qc3 35. Rd4 Qc5 36. Rd7 Qc3 37. Qd6 a4 38. Rd8 1-0

[Event "Madrid-ch 2018-2019 - Semifinal"]
[Site "Madrid ESP"]
[Date "2019.05.11"]
[Round "6.6"]
[White "Yañez Rodriguez, Wilbert"]
[Black "Lorenzo Bailador, Alfredo"]
[Result "1/2-1/2"]
[WhiteElo "2217"]
[BlackElo "2003"]
[PlyCount "220"]
[EventDate "2019.05.06"]
[EventType "swiss"]
[EventRounds "9"]
[EventCountry "ESP"]
[SourceTitle "Ajedrez en Madrid"]
[Source "lmi"]
[SourceDate "2019.05.06"]
[SourceVersion "1"]
[SourceVersionDate "2019.05.20"]
[SourceQuality "2"]

1. c4 e6 2. Nf3 d5 3. b3 d4 4. g3 c5 5. Bg2 Nc6 6. O-O Nf6 7. d3 Be7 8. e3 e5
9. exd4 exd4 10. Re1 O-O 11. Bf4 Bf5 12. a3 Nh5 13. Bc1 Qd7 14. Ra2 Bd6 15.
Rae2 h6 16. Qc2 Rae8 17. Nbd2 Rxe2 18. Rxe2 Nf6 19. Ne1 Bh3 20. f4 Bxg2 21.
Kxg2 Ng4 22. Nf1 f5 23. Nf3 Re8 24. h3 Nf6 25. Qd1 Kf7 26. Bd2 Rxe2+ 27. Qxe2
Qe6 28. Kf2 Qxe2+ 29. Kxe2 a5 30. N1h2 b6 31. g4 g6 32. gxf5 gxf5 33. Nh4 Ke6
34. Kf3 Nh5 35. Nf1 Kf6 36. Ng3 Ng7 37. Ne2 Ne6 38. Be1 Na7 39. Bf2 Nc6 40. Ng2
Kg6 41. Bh4 Be7 42. Ng3 Bf6 43. Bxf6 Kxf6 44. Nh4 Ng7 45. Ne2 Ne6 46. Ng2 Ne7
47. Ne1 Nc6 48. Nc2 Kg6 49. Ng3 Kf6 50. Nh1 Kg6 51. Ne1 Kf6 52. Nf2 Ng7 53. Nd1
Ne6 54. Nb2 Ne7 55. Na4 Nc8 56. Nc2 Ke7 57. b4 axb4 58. axb4 Kd6 59. Nb2 Na7
60. bxc5+ bxc5 61. Ne1 Nc6 62. Ng2 Kd7 63. Nd1 Kd6 64. Nf2 Ng7 65. Nh1 Nh5 66.
Ng3 Nxg3 67. Kxg3 Ke6 68. Ne1 Kd6 69. Nf3 Ke6 70. Ne1 Kd6 71. h4 Ne7 72. Nf3
Nc6 73. h5 Ke6 74. Kf2 Ne7 75. Ne5 Ng8 76. Kg3 Nf6 77. Kh4 Nd7 78. Nc6 Nf8 79.
Kg3 Nd7 80. Nd8+ Ke7 81. Nb7 Ke6 82. Kf3 Ke7 83. Ke2 Ke6 84. Kd2 Ke7 85. Kc2
Nf6 86. Nxc5 Nxh5 87. Nb3 Nxf4 88. Nxd4 Kf6 89. Nf3 Ng6 90. d4 Ke6 91. Kc3 h5
92. d5+ Kd7 93. Kd4 h4 94. c5 h3 95. Ke3 Kc7 96. Nh2 Ne5 97. Kd4 Ng4 98. Nf3 h2
99. Nxh2 Nxh2 100. Ke5 Ng4+ 101. Kf4 Nf6 102. d6+ Kd8 103. Kxf5 Ne8 104. Ke6
Nc7+ 105. Ke5 Na6 106. c6 Nb4 107. c7+ Kd7 108. Kd4 Na6 109. Kd5 Nxc7+ 110.
dxc7 Kxc7 1/2-1/2

[Event "Madrid-ch 2018-2019 - Semifinal"]
[Site "Madrid ESP"]
[Date "2019.05.11"]
[Round "6.7"]
[White "Sanchez Garcia, Aurelio"]
[Black "De La Puerta Cresis, Javier"]
[Result "0-1"]
[WhiteElo "2042"]
[BlackElo "2116"]
[PlyCount "120"]
[EventDate "2019.05.06"]
[EventType "swiss"]
[EventRounds "9"]
[EventCountry "ESP"]
[SourceTitle "Ajedrez en Madrid"]
[Source "lmi"]
[SourceDate "2019.05.06"]
[SourceVersion "1"]
[SourceVersionDate "2019.05.20"]
[SourceQuality "2"]

1. Nf3 c5 2. c4 Nf6 3. Nc3 d5 4. cxd5 Nxd5 5. e3 g6 6. Qb3 Nb4 7. Ne5 Be6 8.
Bc4 Bxc4 9. Qxc4 e6 10. O-O Bd6 11. d4 cxd4 12. exd4 O-O 13. Nb5 N8c6 14. Bh6
Re8 15. Nxd6 Qxd6 16. Nxc6 Nxc6 17. Rad1 Qd5 18. Qxd5 exd5 19. Be3 Re4 20. Rd3
Rae8 21. g3 f6 22. Rc1 R8e7 23. Rc5 Kf7 24. Kg2 g5 25. Ra3 Rd7 26. f3 Re6 27.
Rc2 h6 28. g4 Kg6 29. Bf2 f5 30. h3 Rde7 31. Kf1 h5 32. gxh5+ Kxh5 33. Rb3 Kg6
34. Rb5 Rd7 35. Rcc5 Ne7 36. Rc2 f4 37. Rb3 Kf6 38. Rbc3 Nc6 39. a3 Kf5 40. b4
Rh6 41. b5 Na5 42. Kg2 Nc4 43. Re2 Rdh7 44. h4 gxh4 45. Kh3 Re6 46. Rxe6 Kxe6
47. Rc1 Nxa3 48. b6 axb6 49. Bxh4 Rg7 50. Rc8 Nb5 51. Bf2 Nd6 52. Rf8 Nf5 53.
Re8+ Re7 54. Rg8 Rh7+ 55. Kg2 Rg7+ 56. Rxg7 Nxg7 57. Kh3 Kf5 58. Be1 Ne6 59.
Bc3 b5 60. Kh4 Ng5 0-1

[Event "Madrid-ch 2018-2019 - Semifinal"]
[Site "Madrid ESP"]
[Date "2019.05.11"]
[Round "6.8"]
[White "Pastor Alonso De Prado, Alberto"]
[Black "Gueler Berdasco, Martin"]
[Result "0-1"]
[WhiteElo "2094"]
[BlackElo "1917"]
[PlyCount "68"]
[EventDate "2019.05.06"]
[EventType "swiss"]
[EventRounds "9"]
[EventCountry "ESP"]
[SourceTitle "Ajedrez en Madrid"]
[Source "lmi"]
[SourceDate "2019.05.06"]
[SourceVersion "1"]
[SourceVersionDate "2019.05.20"]
[SourceQuality "2"]

1. e4 c5 2. c3 d5 3. exd5 Qxd5 4. Nf3 Nf6 5. Na3 a6 6. Bc4 Qe4+ 7. Be2 Qg6 8.
Nc4 Nbd7 9. O-O e6 10. Re1 Be7 11. d4 cxd4 12. Nfe5 Nxe5 13. Nxe5 Qf5 14. g4
Qxe5 15. Bf3 Qc7 16. g5 Nd5 17. Qxd4 O-O 18. c4 Bc5 19. Qh4 Ne7 20. Bf4 Bd6 21.
Bxd6 Qxd6 22. Rad1 Qc7 23. Be4 Nf5 24. Qg4 Bd7 25. Rd3 Bc6 26. Rh3 Bxe4 27.
Rxe4 g6 28. Qe2 Rad8 29. Rc3 Rd4 30. h4 Rxe4 31. Qxe4 Rd8 32. h5 Qc6 33. f3
Qxe4 34. fxe4 Nd4 0-1

[Event "Madrid-ch 2018-2019 - Semifinal"]
[Site "Madrid ESP"]
[Date "2019.05.11"]
[Round "6.9"]
[White "Vazquez Gonzalez, Jesus"]
[Black "Perez Ordoñez, Jose Ramon"]
[Result "1-0"]
[WhiteElo "1901"]
[BlackElo "2169"]
[PlyCount "74"]
[EventDate "2019.05.06"]
[EventType "swiss"]
[EventRounds "9"]
[EventCountry "ESP"]
[SourceTitle "Ajedrez en Madrid"]
[Source "lmi"]
[SourceDate "2019.05.06"]
[SourceVersion "1"]
[SourceVersionDate "2019.05.20"]
[SourceQuality "2"]

1. e4 c6 2. d4 d5 3. f3 dxe4 4. fxe4 e5 5. Nf3 Bg4 6. dxe5 Qxd1+ 7. Kxd1 Nd7 8.
Be2 Ne7 9. h3 Bxf3 10. gxf3 Nxe5 11. f4 Nd7 12. c3 Ng6 13. Kc2 f6 14. Rf1 Bd6
15. Bh5 O-O 16. Bxg6 hxg6 17. Rd1 Nc5 18. Rxd6 Nxe4 19. Rd7 Rf7 20. Rxf7 Kxf7
21. Be3 Rh8 22. Nd2 Rxh3 23. Re1 Rh2 24. Kd3 Nxd2 25. Bxd2 a6 26. a4 Rh3+ 27.
Re3 Rh4 28. Re1 Rh3+ 29. Kd4 Rh4 30. Kc5 g5 31. fxg5 Rxa4 32. gxf6 gxf6 33. Kb6
Ra2 34. Bf4 a5 35. Kxb7 a4 36. Bd6 f5 37. Kxc6 f4 1-0

[Event "Madrid-ch 2018-2019 - Semifinal"]
[Site "Madrid ESP"]
[Date "2019.05.11"]
[Round "6.10"]
[White "Cao Armillas, Jesus"]
[Black "Rojas Pozo, Jose Luis"]
[Result "1/2-1/2"]
[WhiteElo "2043"]
[BlackElo "1974"]
[PlyCount "63"]
[EventDate "2019.05.06"]
[EventType "swiss"]
[EventRounds "9"]
[EventCountry "ESP"]
[SourceTitle "Ajedrez en Madrid"]
[Source "lmi"]
[SourceDate "2019.05.06"]
[SourceVersion "1"]
[SourceVersionDate "2019.05.20"]
[SourceQuality "2"]

1. d4 d5 2. Nf3 Nf6 3. c4 e6 4. g3 Be7 5. Bg2 O-O 6. O-O b6 7. Nbd2 Bb7 8. Qc2
c5 9. Rd1 Qc8 10. b3 Nbd7 11. Bb2 Qc7 12. Rac1 Rac8 13. cxd5 exd5 14. Qf5 Qb8
15. Ne5 Nxe5 16. dxe5 Ne8 17. f4 Qa8 18. Nf1 Nc7 19. Qd7 Rfe8 20. Qg4 Bf8 21.
Ne3 Rcd8 22. Nf5 g6 23. Nd6 Bxd6 24. exd6 Ne6 25. f5 Ng7 26. fxg6 hxg6 27. Rf1
d4 28. Bxb7 Qxb7 29. Bxd4 cxd4 30. Rc7 Qe4 31. Rfxf7 Qxg4 32. Rxg7+ 1/2-1/2

[Event "Madrid-ch 2018-2019 - Semifinal"]
[Site "Madrid ESP"]
[Date "2019.05.11"]
[Round "6.11"]
[White "Moreno Uribarri, Miguel"]
[Black "Martinez Aragon, Aitor"]
[Result "0-1"]
[WhiteElo "1674"]
[BlackElo "2038"]
[PlyCount "72"]
[EventDate "2019.05.06"]
[EventType "swiss"]
[EventRounds "9"]
[EventCountry "ESP"]
[SourceTitle "Ajedrez en Madrid"]
[Source "lmi"]
[SourceDate "2019.05.06"]
[SourceVersion "1"]
[SourceVersionDate "2019.05.20"]
[SourceQuality "2"]

1. e4 c5 2. Nf3 e6 3. d4 cxd4 4. Nxd4 a6 5. Nc3 Qc7 6. Be2 Nf6 7. O-O d6 8. Be3
Be7 9. f4 O-O 10. Bf3 Nc6 11. Kh1 Nxd4 12. Bxd4 e5 13. Be3 exf4 14. Bxf4 Be6
15. Qe1 Nd7 16. Qg3 Ne5 17. Be2 Ng6 18. Bd2 b5 19. a3 Rac8 20. Bd3 Qc5 21. Rf5
Qc6 22. Rh5 Bf6 23. Rf1 Be5 24. Qf3 Qd7 25. Be2 Rc6 26. h3 Bc4 27. Bxc4 Rxc4
28. Qd3 Qe6 29. Rhf5 Bxc3 30. Bxc3 Rxe4 31. Bb4 Ne7 32. Qxd6 Qxd6 33. Bxd6 Nxf5
34. Bxf8 Ng3+ 35. Kg1 Nxf1 36. Kxf1 Kxf8 0-1

[Event "Madrid-ch 2018-2019 - Semifinal"]
[Site "Madrid ESP"]
[Date "2019.05.11"]
[Round "6.12"]
[White "Bello Burguet, Glenier Lazaro"]
[Black "Cabañas Bravo, Juan Andres"]
[Result "0-1"]
[WhiteElo "1961"]
[BlackElo "2010"]
[PlyCount "88"]
[EventDate "2019.05.06"]
[EventType "swiss"]
[EventRounds "9"]
[EventCountry "ESP"]
[SourceTitle "Ajedrez en Madrid"]
[Source "lmi"]
[SourceDate "2019.05.06"]
[SourceVersion "1"]
[SourceVersionDate "2019.05.20"]
[SourceQuality "2"]

1. Nf3 Nf6 2. d4 d5 3. c4 c6 4. cxd5 cxd5 5. Nc3 g6 6. Bf4 Bg7 7. e3 O-O 8. Bd3
Qb6 9. Qb3 Qxb3 10. axb3 Nc6 11. Ne5 Nb4 12. Bb1 Nh5 13. Bg3 Nxg3 14. hxg3 Bxe5
15. dxe5 Bd7 16. Rh4 a5 17. Rd4 Be6 18. f4 b6 19. Na2 Nc6 20. Rd3 Rfd8 21. Rc3
Rac8 22. Bd3 d4 23. exd4 Nxd4 24. b4 Bxa2 25. Rxc8 Rxc8 26. Rxa2 Rc1+ 27. Kf2
axb4 28. Ra6 b5 29. Rb6 b3 30. Ke3 Nc2+ 31. Kd2 Rg1 32. Bxc2 Rxg2+ 33. Kc1
Rxc2+ 34. Kd1 Rg2 35. Rxb5 Rxg3 36. Kd2 h5 37. Rb7 e6 38. Ra7 h4 39. Ra1 Kg7
40. Rh1 h3 41. Ke2 f6 42. Kf2 Rg2+ 43. Ke3 h2 44. Kd3 Rc2 0-1

[Event "Madrid-ch 2018-2019 - Semifinal"]
[Site "Madrid ESP"]
[Date "2019.05.11"]
[Round "6.13"]
[White "Estevez Sacristan, Deva"]
[Black "Panduru, Eugen"]
[Result "1-0"]
[WhiteElo "1999"]
[BlackElo "1934"]
[PlyCount "75"]
[EventDate "2019.05.06"]
[EventType "swiss"]
[EventRounds "9"]
[EventCountry "ESP"]
[SourceTitle "Ajedrez en Madrid"]
[Source "lmi"]
[SourceDate "2019.05.06"]
[SourceVersion "1"]
[SourceVersionDate "2019.05.20"]
[SourceQuality "2"]

1. e4 e5 2. Nf3 Nc6 3. Bb5 Nf6 4. O-O Be7 5. Re1 d6 6. c3 O-O 7. d4 Bg4 8. d5
Nb8 9. Nbd2 a6 10. Ba4 Nbd7 11. Bc2 c6 12. dxc6 bxc6 13. c4 Rb8 14. Nf1 Be6 15.
b3 Kh8 16. Ba3 Ne8 17. Ne3 g6 18. Nf5 gxf5 19. exf5 Qa5 20. fxe6 fxe6 21. Qd3
Rf7 22. Bc1 Nc5 23. Qe2 Ng7 24. b4 Rxb4 25. Bd2 Qa3 26. Bxb4 Qxb4 27. Rab1 Qa5
28. Rb8+ Rf8 29. Rxf8+ Bxf8 30. a4 Nf5 31. Rb1 Qc3 32. Rb8 Kg7 33. h4 Be7 34.
Rc8 Qa1+ 35. Kh2 Qc1 36. Rc7 e4 37. Ng5 d5 38. Qh5 1-0

[Event "Madrid-ch 2018-2019 - Semifinal"]
[Site "Madrid ESP"]
[Date "2019.05.11"]
[Round "6.15"]
[White "Viñas Lopez, Carlos"]
[Black "Ruiz Quevedo, Andres"]
[Result "1/2-1/2"]
[WhiteElo "1884"]
[BlackElo "1900"]
[PlyCount "147"]
[EventDate "2019.05.06"]
[EventType "swiss"]
[EventRounds "9"]
[EventCountry "ESP"]
[SourceTitle "Ajedrez en Madrid"]
[Source "lmi"]
[SourceDate "2019.05.06"]
[SourceVersion "1"]
[SourceVersionDate "2019.05.20"]
[SourceQuality "2"]

1. d4 e6 2. Bf4 Nf6 3. e3 b6 4. Nd2 Bb7 5. Ngf3 Be7 6. h3 c5 7. c3 O-O 8. Bd3
cxd4 9. exd4 d6 10. Qe2 Nbd7 11. O-O Re8 12. a4 a6 13. Bh2 Nf8 14. Ne4 Ng6 15.
Nxf6+ Bxf6 16. Rad1 Qd7 17. Rfe1 Qc6 18. Be4 Qxe4 19. Qxe4 Bxe4 20. Rxe4 Be7
21. Ree1 Rec8 22. Nd2 d5 23. Ra1 Bf8 24. Kf1 Ne7 25. Bd6 Rc6 26. Bb4 Rb8 27.
Ke2 Nf5 28. Bxf8 Kxf8 29. Kd3 Nd6 30. b3 Rbc8 31. Rac1 b5 32. axb5 axb5 33. b4
Ra6 34. Ra1 Rca8 35. Nb3 Ra3 36. Na5 Rxa1 37. Rxa1 Rc8 38. f3 Ra8 39. Nb3 Rxa1
40. Nxa1 Nf5 41. g4 Nd6 42. Nc2 f6 43. Ne3 Ke7 44. Ke2 Nf7 45. h4 Kd6 46. Kd3
g6 47. Nc2 e5 48. Na3 Kc6 49. Ke3 Nd6 50. dxe5 fxe5 51. f4 exf4+ 52. Kxf4 Ne4
53. Nb1 Kd6 54. h5 Ke6 55. hxg6 hxg6 56. Kf3 Ke5 57. Ke3 Nf6 58. Na3 Nxg4+ 59.
Kf3 Nf6 60. Nxb5 Ne4 61. Kg4 Kf6 62. Kf4 g5+ 63. Ke3 Ke5 64. Kf3 Kf6 65. Kg4
Kg6 66. Nc7 Nxc3 67. b5 d4 68. Kf3 g4+ 69. Kxg4 d3 70. Nd5 Nxd5 71. Kf3 Kf5 72.
b6 d2 73. Ke2 Nxb6 74. Kxd2 1/2-1/2

[Event "Madrid-ch 2018-2019 - Semifinal"]
[Site "Madrid ESP"]
[Date "2019.05.11"]
[Round "6.16"]
[White "Garcia Sanz, Eduardo"]
[Black "Garcia Galeote, Lorenzo"]
[Result "1-0"]
[WhiteElo "1820"]
[BlackElo "1873"]
[PlyCount "81"]
[EventDate "2019.05.06"]
[EventType "swiss"]
[EventRounds "9"]
[EventCountry "ESP"]
[SourceTitle "Ajedrez en Madrid"]
[Source "lmi"]
[SourceDate "2019.05.06"]
[SourceVersion "1"]
[SourceVersionDate "2019.05.20"]
[SourceQuality "2"]

1. c4 g6 2. Nc3 Bg7 3. Nf3 d6 4. d4 Nc6 5. Bf4 Bg4 6. d5 Bxf3 7. exf3 Ne5 8.
Qd2 Nf6 9. Bh6 O-O 10. Bxg7 Kxg7 11. f4 Ned7 12. Be2 c6 13. O-O cxd5 14. cxd5
Qa5 15. Rfe1 Rfe8 16. Rad1 Rac8 17. a3 a6 18. g4 Nb6 19. g5 Nfd7 20. Bg4 Rc7
21. Re2 f5 22. Bxf5 gxf5 23. Qd3 Nc4 24. Qh3 Nf8 25. Qh6+ Kg8 26. Re6 Nxe6 27.
dxe6 Ne5 28. Rd5 Rc5 29. fxe5 Rxd5 30. g6 hxg6 31. Qxg6+ Kh8 32. Qxe8+ Kh7 33.
Qxe7+ Kh8 34. Qf6+ Kg8 35. Qg6+ Kh8 36. Qe8+ Kh7 37. Qf7+ Kh8 38. Qf8+ Kh7 39.
Qxf5+ Kh6 40. Qh3+ Kg6 41. Qg2+ 1-0

[Event "Madrid-ch 2018-2019 - Semifinal"]
[Site "Madrid ESP"]
[Date "2019.05.11"]
[Round "6.17"]
[White "Garcia Prados, David"]
[Black "Vazquez Gonzalez, Francisco"]
[Result "0-1"]
[WhiteElo "1866"]
[BlackElo "1968"]
[PlyCount "110"]
[EventDate "2019.05.06"]
[EventType "swiss"]
[EventRounds "9"]
[EventCountry "ESP"]
[SourceTitle "Ajedrez en Madrid"]
[Source "lmi"]
[SourceDate "2019.05.06"]
[SourceVersion "1"]
[SourceVersionDate "2019.05.20"]
[SourceQuality "2"]

1. e4 e5 2. Nf3 Nc6 3. Bc4 Nf6 4. d3 Bc5 5. O-O d6 6. c3 a6 7. Bb3 h6 8. Nbd2
Ba7 9. Re1 O-O 10. Nf1 Ne7 11. Be3 Ng6 12. Ng3 Bg4 13. Qe2 Qc8 14. Bxa7 Rxa7
15. Qe3 Ra8 16. Bd1 Be6 17. d4 Ng4 18. Qd2 f5 19. exf5 Bxf5 20. Nxf5 Qxf5 21.
h3 Nf6 22. dxe5 dxe5 23. Bc2 e4 24. Nd4 Qe5 25. f3 c5 26. Nb3 Rad8 27. Qe2 Nf4
28. Qc4+ Kh8 29. Qxc5 Nxh3+ 30. Kh1 Qg3 31. Bxe4 Nxe4 32. Rxe4 Nf2+ 33. Kg1
Nxe4 34. fxe4 Rf4 35. e5 Re4 36. Rf1 Rxe5 37. Qf2 Qxf2+ 38. Rxf2 Rd1+ 39. Kh2
Rd3 40. Rf7 b6 41. Rb7 Re6 42. Nd4 Rg6 43. Nf3 Re3 44. Ra7 a5 45. Nh4 Rf6 46.
a4 Re4 47. Nf3 Re2 48. Kg3 Rxb2 49. Rc7 Rg6+ 50. Kf4 Rbxg2 51. Ne5 Rf6+ 52. Ke4
Re2+ 53. Kd4 Rf4+ 54. Kd5 Rf5 55. Re7 Rfxe5+ 0-1

[Event "Madrid-ch 2018-2019 - Semifinal"]
[Site "Madrid ESP"]
[Date "2019.05.11"]
[Round "6.19"]
[White "Rueda Maria, Ramiro"]
[Black "Vicente Sastre, Diego"]
[Result "0-1"]
[WhiteElo "1843"]
[BlackElo "1881"]
[PlyCount "80"]
[EventDate "2019.05.06"]
[EventType "swiss"]
[EventRounds "9"]
[EventCountry "ESP"]
[SourceTitle "Ajedrez en Madrid"]
[Source "lmi"]
[SourceDate "2019.05.06"]
[SourceVersion "1"]
[SourceVersionDate "2019.05.20"]
[SourceQuality "2"]

1. Nf3 Nf6 2. g3 g6 3. Bg2 Bg7 4. O-O O-O 5. d4 d6 6. c4 c5 7. Nc3 Na6 8. Bf4
cxd4 9. Nd5 Nxd5 10. cxd5 d3 11. Qxd3 Bxb2 12. Rab1 Bg7 13. Nd4 Nc5 14. Qd2 Bd7
15. e4 Rc8 16. Be3 a6 17. Qb4 Rc7 18. Nb3 Bb5 19. Rfd1 Nd3 20. Qa5 Bc3 21. Qb6
Nb2 22. Rd4 Nc4 23. Rxc4 Rxc4 24. Qxb7 Rc7 25. Qb6 Qd7 26. Bh3 e6 27. dxe6 fxe6
28. Bxe6+ Qxe6 29. Qxc7 Qxe4 30. Qxc3 Qxb1+ 31. Nc1 Qf5 32. a4 Bxa4 33. Qc4+ d5
34. Qxa4 Rc8 35. Qxa6 g5 36. Qb6 g4 37. Qd4 Rc4 38. Qa7 Qf3 39. Qb8+ Kf7 40.
Qf4+ Rxf4 0-1

[Event "Madrid-ch 2018-2019 - Semifinal"]
[Site "Madrid ESP"]
[Date "2019.05.12"]
[Round "7.1"]
[White "Rodriguez Melendez, Juan Humbert"]
[Black "Robles Diaz, Jose Alberto"]
[Result "1-0"]
[WhiteElo "2212"]
[BlackElo "2044"]
[PlyCount "67"]
[EventDate "2019.05.06"]
[EventType "swiss"]
[EventRounds "9"]
[EventCountry "ESP"]
[SourceTitle "Ajedrez en Madrid"]
[Source "lmi"]
[SourceDate "2019.05.06"]
[SourceVersion "1"]
[SourceVersionDate "2019.05.20"]
[SourceQuality "2"]

1. d4 Nf6 2. c4 e6 3. g3 Bb4+ 4. Bd2 Be7 5. Nf3 d5 6. Bg2 O-O 7. O-O c6 8. Qc2
Nbd7 9. b3 b6 10. Nc3 Ba6 11. Na4 Rc8 12. Rfd1 b5 13. Nb2 c5 14. dxc5 bxc4 15.
bxc4 Nxc5 16. Rdc1 Ng4 17. h3 Nxf2 18. Kxf2 Ne4+ 19. Kg1 Nxg3 20. Be3 Bf6 21.
Rab1 Bxb2 22. Qxb2 Bxc4 23. Re1 Qc7 24. Bf2 Rb8 25. Bxg3 Qxg3 26. Qd2 h6 27. a3
e5 28. e3 a5 29. Qf2 Qxf2+ 30. Kxf2 e4 31. Ne5 Ba2 32. Ra1 Rb2+ 33. Re2 Rfb8
34. Rxa2 1-0

[Event "Madrid-ch 2018-2019 - Semifinal"]
[Site "Madrid ESP"]
[Date "2019.05.12"]
[Round "7.2"]
[White "Iagar, Razvan-Gabriel"]
[Black "Mkrtchyan, Levon"]
[Result "1/2-1/2"]
[WhiteElo "2104"]
[BlackElo "2168"]
[PlyCount "32"]
[EventDate "2019.05.06"]
[EventType "swiss"]
[EventRounds "9"]
[EventCountry "ESP"]
[SourceTitle "Ajedrez en Madrid"]
[Source "lmi"]
[SourceDate "2019.05.06"]
[SourceVersion "1"]
[SourceVersionDate "2019.05.20"]
[SourceQuality "2"]

1. d4 Nf6 2. c4 e6 3. Nf3 b6 4. g3 Bb7 5. Bg2 Bb4+ 6. Bd2 Bxd2+ 7. Qxd2 O-O 8.
Nc3 Ne4 9. Nxe4 Bxe4 10. O-O d6 11. Qe3 Bb7 12. Rfd1 Nd7 13. Rac1 Qe7 14. Ne1
Bxg2 15. Nxg2 Nf6 16. Nf4 Rfe8 1/2-1/2